Music Quiz

Random Music Quiz

Florida Georgia Line Quiz Stats

Quiz not verified by Sporcle

Also try: Original Band Aid
Challenge
Share
Tweet
Embed
Score 0/293 Timer 10:00
0 Plays Today
% Correct
you
83.8%
you
83.8%
you
83.8%
you
83.8%
you
83.8%
you
83.8%
you
83.8%
you
83.8%
you
83.8%
you
83.8%
you
83.8%
you
83.8%
you
83.8%
Baby
83.5%
baby
83.5%
baby
83.5%
baby
83.5%
baby
83.5%
a
83.2%
and
83.2%
and
83.2%
a
83.2%
and
83.2%
a
83.2%
the
83.2%
a
83.2%
a
83.2%
a
83.2%
and
83.2%
and
83.2%
the
83.2%
the
83.2%
and
83.2%
and
83.2%
and
83.2%
and
83.2%
and
83.2%
and
83.2%
and
83.2%
a
83.2%
and
83.2%
the
83.2%
the
83.2%
a
83.2%
and
83.2%
a
83.2%
the
83.2%
a
83.2%
a
83.2%
cruise
82.3%
cruise
82.3%
cruise
82.3%
cruise
82.3%
so
78.2%
so
78.2%
so
78.2%
so
78.2%
roll
77.2%
roll
77.2%
roll
77.2%
roll
77.2%
song
76.6%
song
76.6%
song
76.6%
song
76.6%
my
76.4%
my
76.4%
my
76.4%
my
76.4%
my
76.4%
my
76.4%
my
76.4%
my
76.4%
me
75.8%
me
75.8%
me
75.8%
me
75.8%
me
75.8%
windows
74.6%
windows
74.6%
windows
74.6%
windows
74.6%
make
74.5%
make
74.5%
make
74.5%
make
74.5%
down
74%
down
74%
down
74%
down
74%
down
74%
down
74%
wanna
71.5%
wanna
71.5%
wanna
71.5%
wanna
71.5%
to
63.8%
on
61.9%
% Correct
on
61.9%
on
61.9%
ON
61.9%
she
61.3%
she
61.3%
she
61.3%
she
61.3%
you're
60.5%
of
60.4%
of
60.4%
of
60.4%
go
59.9%
her
59.8%
her
59.8%
her
59.8%
in
57.1%
in
57.1%
in
57.1%
in
57.1%
in
57.1%
in
57.1%
in
57.1%
in
57.1%
it
56.5%
it
56.5%
it
56.5%
it
56.5%
it
56.5%
up
56.2%
up
56.2%
up
56.2%
up
56.2%
up
56.2%
that
55.6%
that
55.6%
that
55.6%
when
55.3%
when
55.3%
with
55%
with
55%
with
55%
with
55%
with
55%
with
55%
right
54.7%
right
54.7%
right
54.7%
right
54.7%
out
54.6%
south
54.5%
bikini
54.3%
top
54.3%
georgia
54.3%
water
54%
back
53.7%
back
53.7%
saw
53.3%
road
52.5%
road
52.5%
first
52.4%
said
50.3%
said
50.3%
oh
50%
hell
49.7%
hell
49.7%
hell
49.7%
look
49.4%
look
49.4%
this
49.3%
this
49.3%
this
49.3%
legs
49.1%
long
49%
stop
48.4%
stop
48.4%
chevy
48.2%
chevy
48.2%
we
47.9%
we
47.9%
better
47.8%
better
47.8%
good
47.6%
yeah
47.5%
lord
47.3%
get
47.3%
get
47.3%
poppin
46.7%
I
46.4%
them
46.4%
i
46.4%
little
46.4%
i
46.4%
i
46.4%
i
46.4%
i
46.4%
i
46.4%
little
46.4%
town
46.3%
% Correct
town
46.3%
summer
45.4%
summer
45.4%
farm
45.3%
lot
45.3%
farm
45.3%
lot
45.3%
lift
45.1%
heart
45.1%
heart
45.1%
lift
45.1%
walked
45%
was
44.5%
signs
43.6%
signs
43.6%
truck
43.3%
blowin
43.2%
blowin
43.2%
brand
42.6%
new
42.6%
brand
42.6%
new
42.6%
had
42.3%
love
41.7%
middle
41.1%
sippin
41.1%
fire
41.1%
lets
41.1%
middle
41.1%
help
40.9%
would
40.8%
would
40.8%
she's
40.7%
couldn't
40.7%
every
40.7%
every
40.7%
thought
40.5%
kit
40.4%
kit
40.4%
myself
39.9%
thing
39.2%
through
38.6%
hopped
38.6%
through
38.6%
sweet
38.3%
stuck
38.3%
tucker
38%
were
37.7%
falling
37.2%
singin
36.2%
cab
34.7%
marshall
34.3%
into
33.7%
got
33.1%
at
32.8%
at
32.8%
tanned
32.6%
sun
32.5%
girl
32.5%
all
32%
felt
32%
felt
32%
cant
31.8%
southern
31.6%
looked
31.5%
looked
31.5%
head
31.5%
guitar
31.3%
from
30.9%
night
30.6%
sang
30.6%
hey
30.3%
knees
29.7%
lights
29.7%
park
29.2%
fell
29.1%
put
28.6%
couple
28.6%
grabbed
28.5%
beat
28.2%
those
28%
cause
28%
its
27.9%
drove
27.9%
chest
27.9%
strummed
27.7%
chords
27%
turned
26.9%
KC
26.4%
sure
26.1%
man
23.4%
bumpin
23.4%
outta
22.4%
COME
22.1%
chorus
6.5%
chorus
6.5%
chorus
6.5%

You're not logged in!

Compare scores with friends on all Sporcle quizzes.
Sign Up with Email
OR
Log In

You Might Also Like...

Show Comments

Extras

Top Quizzes Today


Score Distribution

Your Account Isn't Verified!

In order to create a playlist on Sporcle, you need to verify the email address you used during registration. Go to your Sporcle Settings to finish the process.